Swadhinottar kalot bharotor shiksha : (Record no. 10073)

MARC details
000 -LEADER
fixed length control field 00627cam a2200205ua 4500
008 - FIXED-LENGTH DATA ELEMENTS--GENERAL INFORMATION
fixed length control field 190903n ii |||gr||||Z||||||asm
020 ## - INTERNATIONAL STANDARD BOOK NUMBER
International Standard Book Number 9789382750482
040 ## - CATALOGING SOURCE
Transcribing agency MAIN
082 ## - DEWEY DECIMAL CLASSIFICATION NUMBER
Classification number 370.954
100 ## - MAIN ENTRY--PERSONAL NAME
Personal name Mukul Kumar Sarma,
Relator term
245 ## - TITLE STATEMENT
Title Swadhinottar kalot bharotor shiksha :
Remainder of title A textbook on education of Dibrugarh University /
Statement of responsibility, etc. By Mukul Kumar Sarma .
250 ## - EDITION STATEMENT
Edition statement 1st.
260 ## - PUBLICATION, DISTRIBUTION, ETC.
Place of publication, distribution, etc. Dibrugarh:
Name of publisher, distributor, etc. Banlata,
Date of publication, distribution, etc. 2013.
300 ## - PHYSICAL DESCRIPTION
Extent 192p.
700 ## - ADDED ENTRY--PERSONAL NAME
Personal name Alpana Gogoi Bhuyan.,
Relator term
942 ## - ADDED ENTRY ELEMENTS (KOHA)
Koha item type Books
653 ## - INDEX TERM--UNCONTROLLED
Uncontrolled term Education
653 ## - INDEX TERM--UNCONTROLLED
Uncontrolled term Indian education at the time of Independence in India
Holdings
Withdrawn status Lost status Damaged status Not for loan Home library Current library Shelving location Date acquired Total Checkouts Full call number Barcode Date last seen Date last checked out Copy number Price effective from Koha item type
        Central Library, Naharkatiya College Central Library, Naharkatiya College General Stacks 19/09/2020 4 370.954Education | SAR 26972 06/04/2024 02/04/2024 1 19/09/2020 Books

Naharkatiya College © 2020. All rights reserved.

Powered By